| 000 | 00383nam a22001451a 4500 | ||
|---|---|---|---|
| 082 |
_aH301 09 _bRAD/P |
||
| 100 | _aRadhesyam Gupta | ||
| 245 |
_aPremchandothar kahani sahitya/ _cby Radhesyam Gupta |
||
| 260 |
_aAjmeer: _bHindi sahitya samsthan, _c1973. |
||
| 300 | _a254p. | ||
| 650 | _aStories Hindi Criticism | ||
| 650 | _aLiterature Hindi | ||
| 650 | _aLiterature | ||
| 942 | _cBK | ||
| 999 |
_c35929 _d35929 |
||